| 000 | 00983nam a2200229 i 4500 | ||
|---|---|---|---|
| 001 | 130770 | ||
| 003 | ES-MaACL | ||
| 005 | 20250407180010.0 | ||
| 007 | t| | ||
| 008 | 070807s1944 mx ||||1| spa d | ||
| 100 | 1 |
_aZea, Leopoldo. _9118131 |
|
| 245 | 1 | 0 |
_aApogeo y decadencia del positivismo en México / _cLeopoldo Zea. |
| 250 | _a[1ª ed.]. | ||
| 260 |
_aMéxico : _bEl Colegio, _c[1944] |
||
| 300 |
_a303 p. ; _c24 cm. |
||
| 500 | _aEsta obra es continuación de "El positivismo en México" del mismo autor. | ||
| 650 | 1 | 4 |
_aPositivismo- _zMéxico. _916326 |
| 852 |
_aES-MaACL _jD-6596 _bR.30471 _bR.M.6186 _9135538 _cSVI _fSello en tinta azul de la Biblioteca del Ateneo de Madrid _gAnotación manuscrita en cubierta: "6" _gAnotación manuscrita en hoja de guarda: "35" _zSello en cubierta: "1. DIC. 1951" |
||
| 942 | _2udc | ||
| 999 |
_c130770 _d130770 |
||